Human Geography (Record no. 186208)
[ view plain ]
| 000 -LEADER | |
|---|---|
| fixed length control field | 00872 a2200181 4500 |
| 003 - CONTROL NUMBER IDENTIFIER | |
| control field | Nust |
| 005 - DATE AND TIME OF LATEST TRANSACTION | |
| control field | 20230128134731.0 |
| 040 ## - CATALOGING SOURCE | |
| Transcribing agency | Nust |
| 082 ## - DEWEY DECIMAL CLASSIFICATION NUMBER | |
| Classification number | 910,BLI |
| 100 ## - MAIN ENTRY--PERSONAL NAME | |
| Personal name | Blij, H.J De |
| 9 (RLIN) | 108009 |
| 245 ## - TITLE STATEMENT | |
| Title | Human Geography |
| Remainder of title | Culture Society & Space / |
| Statement of responsibility, etc. | H.J. De Blij |
| 250 ## - EDITION STATEMENT | |
| Edition statement | 7 th |
| 260 ## - PUBLICATION, DISTRIBUTION, ETC. | |
| Name of publisher, distributor, etc. | National Book Foundation |
| 300 ## - PHYSICAL DESCRIPTION | |
| Extent | 555:P |
| 505 ## - FORMATTED CONTENTS NOTE | |
| Formatted contents note | Geography, Culture and Environment (Page-1), Population Patterns and Processes (Page-51), The Global Linguistic Mosaic (Page-109), The Geography of Religion (Page-153), The Political Imprint (Page-199), Land and Land Use in the Rural Sector (Page-269), The Urbanizing World (Page-313), The Roots and Consequences on Industrialization (Page-365), From Deindustrialization to Globalization (Page-407), Social Geographies of the Modern World (Page-453). |
| 650 ## - SUBJECT ADDED ENTRY--TOPICAL TERM | |
| Topical term or geographic name entry element | Human Geography |
| 9 (RLIN) | 13071 |
| 942 ## - ADDED ENTRY ELEMENTS (KOHA) | |
| Source of classification or shelving scheme | |
| Koha item type | Book |
| Withdrawn status | Lost status | Source of classification or shelving scheme | Damaged status | Not for loan | Permanent Location | Current Location | Date acquired | Full call number | Barcode | Date last seen | Price effective from | Koha item type | Public note |
|---|---|---|---|---|---|---|---|---|---|---|---|---|---|
| Military College of Signals (MCS) | Military College of Signals (MCS) | 12/12/2016 | 910,BLI | MCS33323 | 12/08/2016 | 12/12/2016 | Book | Almirah No.58, Shelf No.5 |
